Islam our choice: (Record no. 542144)

000 -LEADER
fixed length control field 00387nam a2200157Ia 4500
020 ## - INTERNATIONAL STANDARD BOOK NUMBER
International Standard Book Number (pbk)
082 ## - DEWEY DECIMAL CLASSIFICATION NUMBER
Classification number 297
Author Mark ISL
245 ## - TITLE STATEMENT
Title Islam our choice:
Remainder of title impressions of revert's to Islam
250 ## - EDITION STATEMENT
Edition statement 2nd ed.
260 ## - PUBLICATION, DISTRIBUTION, ETC.
Place of publication, distribution, etc. Islamabad:
Name of publisher, distributor, etc. Da'wah Academy,
Date of publication, distribution, etc. 1989
300 ## - PHYSICAL DESCRIPTION
Extent 53p.
526 ## - STUDY PROGRAM INFORMATION NOTE
Program name 0
Interest level 0
Reading level 0
Title point value 297_000000000000000_ISL
650 ## - SUBJECT ADDED ENTRY--TOPICAL TERM
Topical term or geographic name entry element Islam
650 ## - SUBJECT ADDED ENTRY--TOPICAL TERM
Topical term or geographic name entry element MCE
9 (RLIN) 379
942 ## - ADDED ENTRY ELEMENTS (KOHA)
Source of classification or shelving scheme
Koha item type Book
Holdings
Withdrawn status Lost status Source of classification or shelving scheme Damaged status Not for loan Permanent Location Current Location Date acquired Total Checkouts Full call number Barcode Date last seen Price effective from Koha item type
          Military College of Engineering (MCE) Military College of Engineering (MCE) 09/24/2013   297 ISL MCE- 44095 09/24/2013 09/24/2013 Book
© 2023 Central Library, National University of Sciences and Technology. All Rights Reserved.